Desarrollo organizacional
Wedi'i Gadw mewn:
| Prif Awdur: | |
|---|---|
| Fformat: | Llyfr |
| Iaith: | Sbaeneg |
| Cyhoeddwyd: |
Antofagasta
Universidad de Antofagasta
1991
|
| Pynciau: | |
| Tagiau: |
Ychwanegu Tag
Dim Tagiau, Byddwch y cyntaf i dagio'r cofnod hwn!
|
MARC
| LEADER | 00000nam a2200000 a 4500 | ||
|---|---|---|---|
| 001 | UCW5700 | ||
| 003 | CL-VaPUC | ||
| 008 | 910729e19910000CL |||||||||||||||||spa|d | ||
| 082 | 0 | 4 | |a 371.2 |b PIZ |2 21 |
| 100 | 0 | |a Pizarro Castro, Tito L |e author |9 310685 | |
| 245 | 1 | 0 | |a Desarrollo organizacional |
| 300 | |a 242 p | ||
| 942 | |c BK | ||
| 945 | |d 19910729 00:00:00 | ||
| 260 | |a Antofagasta |b Universidad de Antofagasta |c 1991 | ||
| 650 | 0 | |a Cambio organizacional |9 260741 | |
| 650 | 0 | |a Administración de la enseñanza |9 261034 | |
| 650 | 0 | |a Gestión educacional |9 261035 | |
| 650 | 0 | |a Planificación de la educación |9 307333 | |
| 583 | |a last modification |c 20170427 11:37:24 |k Rodrigo Vera | ||
| 999 | |c 219043 |d 219041 | ||
| 952 | |0 0 |1 0 |4 0 |6 371_200000000000000_PIZ_1991 |7 0 |8 P |9 209490 |a BIBEDU |b BIBEDU |c BIBEDU_PB |d 2019-11-15 |i 2773716 |o 371.2 PIZ 1991 |p 2773716 |r 2024-01-25 |w 2019-11-15 |y BK |k EDU | ||
| 952 | |0 0 |1 0 |4 0 |6 371_200000000000000_PIZ_1991 |7 0 |8 P |9 209491 |a BIBEDU |b BIBEDU |c BIBEDU_PB |d 2019-11-15 |i 2773724 |o 371.2 PIZ 1991 |p 2773724 |r 2024-01-25 |w 2019-11-15 |y BK |k EDU | ||
| 952 | |0 0 |1 0 |4 0 |6 371_200000000000000_PIZ_1991 |7 0 |8 P |9 209492 |a BIBEDU |b BIBEDU |c BIBEDU_PB |d 2019-11-15 |i 2773732 |o 371.2 PIZ 1991 |p 2773732 |r 2024-01-25 |w 2019-11-15 |y BK |k EDU | ||
| 952 | |0 0 |1 0 |4 0 |6 371_200000000000000_PIZ_1991 |7 0 |8 P |9 209493 |a BIBEDU |b BIBEDU |c BIBEDU_PB |d 2019-11-15 |i 2773740 |o 371.2 PIZ 1991 |p 2773740 |r 2024-01-25 |w 2019-11-15 |y BK |k EDU | ||
| 952 | |0 0 |1 0 |4 0 |6 371_200000000000000_PIZ_1991 |7 0 |8 P |9 209494 |a BIBEDU |b BIBEDU |c BIBEDU_PB |d 2019-11-15 |i 2773759 |o 371.2 PIZ 1991 |p 2773759 |r 2024-01-25 |w 2019-11-15 |y BK |k EDU | ||
| 952 | |0 0 |1 0 |4 0 |6 371_200000000000000_PIZ_1991 |7 0 |8 P |9 209495 |a BIBEDU |b BIBEDU |c BIBEDU_PB |d 2019-11-15 |i 2773767 |o 371.2 PIZ 1991 |p 2773767 |r 2024-01-25 |w 2019-11-15 |y BK |k EDU | ||
| 952 | |0 0 |1 0 |4 0 |6 371_200000000000000_PIZ_1991 |7 0 |8 P |9 209496 |a BIBEDU |b BIBEDU |c BIBEDU_PB |d 2019-11-15 |i 2773775 |o 371.2 PIZ 1991 |p 2773775 |r 2024-01-25 |w 2019-11-15 |y BK |k EDU | ||
| 952 | |0 0 |1 0 |4 0 |6 371_200000000000000_PIZ_1991 |7 0 |8 P |9 209497 |a BIBEDU |b BIBEDU |c BIBEDU_PB |d 2019-11-15 |i 2773783 |o 371.2 PIZ 1991 |p 2773783 |r 2024-01-25 |w 2019-11-15 |y BK |k EDU | ||
| 952 | |0 0 |1 0 |4 0 |6 371_200000000000000_PIZ_1991 |7 0 |8 P |9 209498 |a BIBEDU |b BIBEDU |c BIBEDU_PB |d 2019-11-15 |i 2773791 |o 371.2 PIZ 1991 |p 2773791 |r 2024-01-25 |w 2019-11-15 |y BK |k EDU | ||
| 952 | |0 0 |1 0 |4 0 |6 371_200000000000000_PIZ_1991 |7 0 |8 P |9 209499 |a BIBEDU |b BIBEDU |c BIBEDU_PB |d 2019-11-15 |i 2773805 |o 371.2 PIZ 1991 |p 2773805 |r 2024-01-25 |w 2019-11-15 |y BK |k EDU | ||
| 952 | |0 0 |1 0 |4 0 |6 371_200000000000000_PIZ_1991 |7 0 |8 P |9 209500 |a BIBEDU |b BIBEDU |c BIBEDU_PB |d 2019-11-15 |i 2773813 |o 371.2 PIZ 1991 |p 2773813 |r 2024-01-25 |w 2019-11-15 |y BK |k EDU | ||
| 952 | |0 0 |1 0 |4 0 |6 371_200000000000000_PIZ_1991 |7 0 |8 P |9 209501 |a BIBEDU |b BIBEDU |c BIBEDU_PB |d 2019-11-15 |i 2773821 |o 371.2 PIZ 1991 |p 2773821 |r 2024-01-25 |w 2019-11-15 |y BK |k EDU | ||
| 952 | |0 0 |1 0 |4 0 |6 371_200000000000000_PIZ_1991 |7 0 |8 P |9 209502 |a BIBEDU |b BIBEDU |c BIBEDU_PB |d 2019-11-15 |i 277383K |o 371.2 PIZ 1991 |p 277383K |r 2024-01-25 |w 2019-11-15 |y BK |k EDU | ||
| 952 | |0 0 |1 0 |4 0 |6 371_200000000000000_PIZ_1991 |7 0 |8 P |9 209503 |a BIBEDU |b BIBEDU |c BIBEDU_PB |d 2019-11-15 |i 2773848 |o 371.2 PIZ 1991 |p 2773848 |r 2024-01-25 |w 2019-11-15 |y BK |k EDU | ||
| 952 | |0 0 |1 0 |4 0 |6 371_200000000000000_PIZ_1991 |7 0 |8 P |9 209504 |a BIBEDU |b BIBEDU |c BIBEDU_PB |d 2019-11-15 |i 2773856 |o 371.2 PIZ 1991 |p 2773856 |r 2024-01-25 |w 2019-11-15 |y BK |k EDU | ||
| 952 | |0 0 |1 0 |4 0 |6 371_200000000000000_PIZ_1991 |7 0 |8 A |9 209505 |a BIBENE |b BIBENE |d 2019-11-15 |i 2773864 |o 371.2 PIZ 1991 |p 2773864 |r 2025-01-15 |w 2019-11-15 |y BK |k ICO | ||
| 952 | |0 0 |1 0 |4 0 |6 371_200000000000000_PIZ_1991 |7 0 |8 A |9 209506 |a BIBENE |b BIBENE |d 2019-11-15 |i 2773872 |o 371.2 PIZ 1991 |p 2773872 |r 2025-01-15 |w 2019-11-15 |y BK |k ICO | ||
| 952 | |0 0 |1 0 |4 0 |6 371_200000000000000_PIZ_1991 |7 0 |8 A |9 209507 |a BIBENE |b BIBENE |d 2019-11-15 |i 2773880 |o 371.2 PIZ 1991 |p 2773880 |r 2025-01-15 |w 2019-11-15 |y BK |k ICO | ||
| 952 | |0 0 |1 0 |4 0 |6 371_200000000000000_PIZ_1991 |7 0 |8 A |9 209508 |a BIBENE |b BIBENE |d 2019-11-15 |i 2773899 |o 371.2 PIZ 1991 |p 2773899 |r 2025-01-15 |w 2019-11-15 |y BK |k ICO | ||
| 952 | |0 0 |1 0 |4 0 |6 371_200000000000000_PIZ_1991 |7 0 |8 P |9 209509 |a BIBEDU |b BIBEDU |c BIBEDU_PB |d 2019-11-15 |i 1557386 |o 371.2 PIZ 1991 |p 1557386 |r 2024-01-25 |w 2019-11-15 |y BK |k EDU | ||